00637cam a22002171 4500001001300000003000400013005001700017008004100034010001700075035001900092040002800111042001200139050002600151082001100177100003100188245007100219260007100290300001800361490002300379999001700402ca 36001491 DLC20260227111143.0770510s1934 ilu 000 0 eng  aca 36001491  a(OCoLC)2952935 aDLCcUUdUUdOCoLCdDLC apremarc00aPS3515.U2735bD6 1934 a812/.51 aHughes, Glenn,d1894-1964.10aDollars to doughnuts,ba farce in three acts,cby Glenn Hughes ... aRock Island, Ill.,bFrederick B. Ingram productions, inc.c[c1934] a99 p.c19 cm.0 aPlays of the month c18305d18305